Proposal for new EU procurement directives (Record no. 113059)

MARC details
000 -LEADER
fixed length control field 00986cad a22002055a 4500
001 - CONTROL NUMBER
control field L154602
008 - FIXED-LENGTH DATA ELEMENTS--GENERAL INFORMATION
fixed length control field 120105s2011 xxkqr p 0 a0eng u
035 ## - SYSTEM CONTROL NUMBER
System control number (Sirsi) u154602
041 0# - LANGUAGE CODE
Language code of text/sound track or separate title eng
110 2# - MAIN ENTRY--CORPORATE NAME
Corporate name or jurisdiction name as entry element CMS Cameron McKenna
9 (RLIN) 5874
245 00 - TITLE STATEMENT
Title Proposal for new EU procurement directives
Medium [electronic resource]
260 ## - PUBLICATION, DISTRIBUTION, ETC.
Place of publication, distribution, etc. London
Name of publisher, distributor, etc. CMS Cameron McKenna LLP
Date of publication, distribution, etc. 2011
520 ## - SUMMARY, ETC.
Summary, etc. This article discusses the proposals for new procurement directives to replace the current directives on public and utilities procurements which the European Commission published on 20 December 2011; the European Commission has aimed to modernise and simplify the procurement rules.
590 ## - LOCAL NOTE (RLIN)
Local note KA NTK
651 #4 - SUBJECT ADDED ENTRY--GEOGRAPHIC NAME
Geographic name Europe
690 ## - LOCAL SUBJECT ADDED ENTRY--TOPICAL TERM (OCLC, RLIN)
Topical term or geographic name as entry element Procurement
9 (RLIN) 6260
690 ## - LOCAL SUBJECT ADDED ENTRY--TOPICAL TERM (OCLC, RLIN)
Topical term or geographic name as entry element Project management
9 (RLIN) 6261
856 40 - ELECTRONIC LOCATION AND ACCESS
Uniform Resource Identifier <a href="https://www.law-now.com/DirectMail/%7BCC537BF7-3DAC-4EDD-8999-D2D52B419DC5%7D_proposalforneweuprocurementrulesdec11.htm">https://www.law-now.com/DirectMail/%7BCC537BF7-3DAC-4EDD-8999-D2D52B419DC5%7D_proposalforneweuprocurementrulesdec11.htm</a>
Public note View the article free of charge at www.law-now.com
942 ## - ADDED ENTRY ELEMENTS (KOHA)
Suppress in OPAC 0
Holdings
Withdrawn status Lost status Source of classification or shelving scheme Damaged status Not for loan Home library Current library Shelving location Date acquired Total Checkouts Full call number Barcode Date last seen Copy number Price effective from Koha item type
    Dewey Decimal Classification     Virtual Virtual Online 05/01/2012   ONLINE PUBLICATION 154602-2001 06/08/2019 1 06/08/2019 Book